[Event "Pilsen Open 2014"]
[Site "Pilsen CZE"]
[Date "2014.11.27"]
[Round "5"]
[White "Kuba, Stanislav"]
[Black "Braeuer, Karl Heinz"]
[Result "1/2-1/2"]
[WhiteElo "2174"]
[BlackElo "2087"]
[PlyCount "76"]
[EventDate "2014.11.23"]
[EventType "swiss"]
[EventRounds "7"]
[Source "lmi"]
[SourceDate "2014.11.23"]

1. g3 Nf6 2. Bg2 d5 3. Nf3 c6 4. O-O Bf5 5. d4 h6 6. b3 e6 7. Bb2 Nbd7 8. c4
Bd6 9. Nbd2 O-O 10. h3 Qb8 11. Rc1 b6 12. a3 a5 13. Re1 Bh7 14. e3 Ne4 15. Nxe4
Bxe4 16. Kh2 b5 17. cxd5 cxd5 18. Bf1 Qb7 19. Nd2 Bg6 20. Qe2 Rab8 21. e4 dxe4
22. Nxe4 Bxe4 23. Qxe4 Qxe4 24. Rxe4 Nf6 25. Ree1 Rfd8 26. Rc6 b4 27. a4 Be7
28. Rec1 Ne4 29. R1c2 Nc3 30. Ra6 Bf6 31. Bxc3 bxc3 32. Rxc3 Bxd4 33. Rf3 Ra8
34. Rxa8 Rxa8 35. Kg2 Kf8 36. Bc4 Ke7 37. Rd3 Rd8 38. g4 g5 1/2-1/2

[Event "Pilsen Open 2014"]
[Site "Pilsen CZE"]
[Date "2014.11.27"]
[Round "5"]
[White "Paldus, Petr"]
[Black "Piankov, Evgenij"]
[Result "0-1"]
[WhiteElo "2019"]
[BlackElo "2283"]
[PlyCount "66"]
[EventDate "2014.11.23"]
[EventType "swiss"]
[EventRounds "7"]
[Source "lmi"]
[SourceDate "2014.11.23"]

1. e4 c6 2. d4 d5 3. e5 Bf5 4. g4 Bd7 5. Bd3 e6 6. Nf3 c5 7. c3 Nc6 8. a3 Qb6
9. Bc2 h5 10. g5 g6 11. h4 Rc8 12. O-O cxd4 13. cxd4 Nge7 14. Nc3 Nf5 15. Bxf5
gxf5 16. Ne2 Ne7 17. Ng3 Ng6 18. b4 Qa6 19. Bd2 f4 20. Ne2 Ba4 21. Qe1 Bb5 22.
a4 Bxe2 23. b5 Bxb5 24. axb5 Qxb5 25. Rxa7 Be7 26. Qb1 Qe2 27. Qd1 Qe4 28. Rxb7
O-O 29. Rb3 Kg7 30. Kh2 Rb8 31. Qb1 Rxb3 32. Qxb3 Ra8 33. Rg1 Ra3 0-1

[Event "Pilsen Open 2014"]
[Site "Pilsen CZE"]
[Date "2014.11.27"]
[Round "5"]
[White "Tesar, Jan"]
[Black "Eret, Jonas"]
[Result "1/2-1/2"]
[WhiteElo "2073"]
[BlackElo "2054"]
[PlyCount "82"]
[EventDate "2014.11.23"]
[EventType "swiss"]
[EventRounds "7"]
[Source "lmi"]
[SourceDate "2014.11.23"]

1. d4 e6 2. c4 d5 3. Nc3 Be7 4. cxd5 exd5 5. Bf4 c6 6. e3 Nf6 7. Bd3 Nbd7 8.
Bg3 O-O 9. Nge2 Re8 10. Nf4 Nf8 11. O-O g6 12. Qb3 h5 13. h4 Ng4 14. e4 Kg7 15.
exd5 Bxh4 16. Ne4 Bxg3 17. fxg3 f5 18. Nf2 Qd6 19. Rac1 Rb8 20. dxc6 bxc6 21.
Qc3 Qf6 22. Qxc6 Bd7 23. Qxf6+ Kxf6 24. Nxg4+ hxg4 25. b3 Kg5 26. Rfe1 a5 27.
Bc4 a4 28. Kf2 Nh7 29. d5 Nf6 30. Ne6+ Bxe6 31. dxe6 Ne4+ 32. Kg1 Re7 33. bxa4
Rh8 34. Bd5 Nxg3 35. Kf2 Nh5 36. Rcd1 Nf4 37. Re3 Kf6 38. a5 Nxd5 39. Rxd5 Rxe6
40. Rxe6+ Kxe6 41. Rd4 Ra8 1/2-1/2

[Event "Pilsen Open 2014"]
[Site "Pilsen CZE"]
[Date "2014.11.27"]
[Round "5"]
[White "Svidinsky, Dmtry"]
[Black "Kopriva, Martin"]
[Result "1-0"]
[WhiteElo "2073"]
[BlackElo "1889"]
[PlyCount "62"]
[EventDate "2014.11.23"]
[EventType "swiss"]
[EventRounds "7"]
[Source "lmi"]
[SourceDate "2014.11.23"]

1. e4 c5 2. Nf3 d6 3. d4 cxd4 4. Nxd4 Nf6 5. Nc3 a6 6. Be3 e6 7. Qd2 Qc7 8. f3
Be7 9. O-O-O b5 10. g4 Nc6 11. Kb1 Bb7 12. g5 Nd7 13. Nxc6 Bxc6 14. h4 Ne5 15.
Qg2 b4 16. Ne2 d5 17. Nd4 Bb7 18. Qg3 dxe4 19. Bf4 Bd6 20. Bg2 e3 21. Rhe1 Bd5
22. Rxe3 f6 23. h5 Rc8 24. h6 Bc5 25. Bxe5 fxe5 26. Qxe5 Qxe5 27. Rxe5 Bxd4 28.
Rxd4 O-O 29. b3 a5 30. Bh3 Rxf3 31. Rexd5 exd5 1-0

[Event "Pilsen Open 2014"]
[Site "Pilsen CZE"]
[Date "2014.11.27"]
[Round "5"]
[White "Malinovsky, Petr"]
[Black "Simkin, Alexander"]
[Result "1-0"]
[WhiteElo "2024"]
[BlackElo "1890"]
[PlyCount "103"]
[EventDate "2014.11.23"]
[EventType "swiss"]
[EventRounds "7"]
[Source "lmi"]
[SourceDate "2014.11.23"]

1. d4 d5 2. c4 c6 3. e3 Nf6 4. Nf3 Bf5 5. Bd3 Bxd3 6. Qxd3 e6 7. b3 Nbd7 8.
Nbd2 Bd6 9. Bb2 O-O 10. O-O Re8 11. Ne5 c5 12. f4 cxd4 13. exd4 Nf8 14. c5 Be7
15. b4 N6d7 16. f5 f6 17. Ng4 a5 18. a3 axb4 19. axb4 Rxa1 20. Rxa1 Qc7 21. Ne3
Nb8 22. fxe6 Qc6 23. Re1 Nxe6 24. b5 Qd7 25. Qf5 Nxc5 26. dxc5 Bxc5 27. Qd3 Qd6
28. Bd4 Nd7 29. Nf3 g6 30. Bxc5 Qxc5 31. Qxd5+ Qxd5 32. Nxd5 Rxe1+ 33. Nxe1 Kf7
34. Nd3 Ke6 35. Nc3 Kd6 36. Kf2 f5 37. Ke3 Nf6 38. Kd4 Ng4 39. h3 Nf6 40. Nc5
b6 41. Nd3 g5 42. Ne5 g4 43. Nc4+ Ke6 44. Nxb6 h5 45. Nbd5 Nd7 46. Nf4+ Kd6 47.
Nxh5 gxh3 48. gxh3 Ne5 49. Nf4 Nf3+ 50. Ke3 Ne5 51. h4 Kc5 52. Nd3+ 1-0

[Event "Pilsen Open 2014"]
[Site "Pilsen CZE"]
[Date "2014.11.27"]
[Round "5"]
[White "Simacek, Vaclav"]
[Black "Stengl, Jaroslav"]
[Result "0-1"]
[WhiteElo "1797"]
[BlackElo "2024"]
[PlyCount "72"]
[EventDate "2014.11.23"]
[EventType "swiss"]
[EventRounds "7"]
[Source "lmi"]
[SourceDate "2014.11.23"]

1. e4 c5 2. Nc3 Nc6 3. Nf3 Nf6 4. d4 cxd4 5. Nxd4 e5 6. Nf5 d5 7. exd5 Bxf5 8.
dxc6 bxc6 9. Qf3 Qd7 10. Bg5 e4 11. Qd1 Qb7 12. Rb1 Rd8 13. Qc1 Bb4 14. Be2 O-O
15. Bxf6 gxf6 16. O-O Qe7 17. Qf4 Qe5 18. Qxe5 fxe5 19. Rbd1 Bxc3 20. bxc3 Rd5
21. g4 Be6 22. f4 exf3 23. Bxf3 Rc5 24. Rde1 Bxa2 25. Ra1 Bc4 26. Rfd1 Ra8 27.
Rd7 a5 28. Be4 Be6 29. Rd6 Rxc3 30. Rxc6 Rxc6 31. Bxc6 Rc8 32. Be4 Rc4 33. Bf5
Bxf5 34. gxf5 a4 35. Ra3 Kg7 36. Rh3 Rxc2 0-1

[Event "Pilsen Open 2014"]
[Site "Pilsen CZE"]
[Date "2014.11.27"]
[Round "5"]
[White "Sideris, Nikiforos"]
[Black "Bechynsky, Jan"]
[Result "1-0"]
[WhiteElo "2017"]
[BlackElo "1873"]
[PlyCount "81"]
[EventDate "2014.11.23"]
[EventType "swiss"]
[EventRounds "7"]
[Source "lmi"]
[SourceDate "2014.11.23"]

1. b3 c5 2. Bb2 Nc6 3. e3 d5 4. Bb5 Nf6 5. f4 Bg4 6. Bxc6+ bxc6 7. Nf3 g6 8.
O-O Bg7 9. Qe1 Bxf3 10. Rxf3 e6 11. d3 d4 12. e4 Qc7 13. Nd2 Nd7 14. a4 O-O 15.
a5 f5 16. e5 g5 17. fxg5 Qxe5 18. Qh4 Rf7 19. Re1 Qd5 20. Rh3 Nf8 21. Rf1 Be5
22. Rhf3 Ng6 23. Qh5 Raf8 24. g4 Bc7 25. Nc4 f4 26. Bc1 e5 27. Nd2 Bxa5 28. Ne4
Bd8 29. Ba3 Be7 30. Bc1 Qd8 31. Bd2 Rg7 32. Ra1 Qc7 33. Kg2 Nh8 34. Rff1 Nf7
35. h4 Nd6 36. Nxc5 Nb5 37. Ne6 Qd6 38. Nxg7 Qd5+ 39. Kf2 e4 40. dxe4 Qc5 41.
Nf5 1-0

[Event "Pilsen Open 2014"]
[Site "Pilsen CZE"]
[Date "2014.11.27"]
[Round "5"]
[White "Pribylova, Sofie"]
[Black "Kucera, Tomas"]
[Result "0-1"]
[WhiteElo "1763"]
[BlackElo "1978"]
[PlyCount "120"]
[EventDate "2014.11.23"]
[EventType "swiss"]
[EventRounds "7"]
[Source "lmi"]
[SourceDate "2014.11.23"]

1. d4 Nf6 2. Bf4 d6 3. e3 h6 4. h3 Bf5 5. Nf3 Qd7 6. c4 Nc6 7. Nc3 e6 8. Bd3
Bxd3 9. Qxd3 g6 10. O-O Bg7 11. Rac1 Ne7 12. Rfd1 O-O 13. Nb5 a6 14. Nc3 Rac8
15. d5 e5 16. Bh2 Nh7 17. c5 f5 18. e4 f4 19. Ne2 g5 20. c6 bxc6 21. dxc6 Qe6
22. Qxa6 Kh8 23. Qc4 Qg6 24. Kh1 h5 25. Bg1 g4 26. Nh4 Qf6 27. Nf5 Nxf5 28.
exf5 Qxf5 29. Qd3 Qe6 30. Qd5 Qf6 31. f3 gxh3 32. gxh3 Qh4 33. Kg2 Ng5 34. Kf1
Qxh3+ 35. Kf2 Bf6 36. Rd3 e4 37. fxe4 Nxe4+ 38. Ke1 Bh4+ 39. Kd1 Qf1+ 40. Kc2
Qxe2+ 41. Kb1 Nf2 42. Bxf2 Bxf2 43. Rd2 Qe5 44. Qxe5+ dxe5 45. Rxf2 e4 46. Rc5
f3 47. Rxh5+ Kg7 48. Rh3 Kg6 49. Kc2 Rcd8 50. a4 Kg5 51. a5 Rf6 52. Rd2 Rxc6+
53. Kd1 Re8 54. Rc2 Rxc2 55. Kxc2 Kg4 56. Rh1 Rd8 57. a6 f2 58. a7 Kf3 59. Rh7
f1=Q 60. Rf7+ Ke2 0-1

[Event "Pilsen Open 2014"]
[Site "Pilsen CZE"]
[Date "2014.11.27"]
[Round "5"]
[White "Klucznik, Andre"]
[Black "Vlk, Miloslav"]
[Result "0-1"]
[WhiteElo "1722"]
[BlackElo "1956"]
[PlyCount "64"]
[EventDate "2014.11.23"]
[EventType "swiss"]
[EventRounds "7"]
[Source "lmi"]
[SourceDate "2014.11.23"]

1. e4 e5 2. Nf3 Nf6 3. Nc3 Bb4 4. d3 Nc6 5. Be2 d5 6. exd5 Nxd5 7. Bd2 O-O 8.
Nxd5 Bxd2+ 9. Nxd2 Qxd5 10. Bf3 Qc5 11. Nb3 Qd6 12. O-O Bf5 13. Re1 Rfe8 14.
Qd2 Rad8 15. Qc3 Bd7 16. a3 b6 17. Rad1 a5 18. g3 a4 19. Nd2 Nd4 20. Bg2 Bg4
21. f3 Bh5 22. Re3 c5 23. Rde1 f6 24. Ne4 Qd7 25. Nf2 Qc7 26. b3 axb3 27. cxb3
Qa7 28. b4 cxb4 29. Qxb4 Bf7 30. Qb2 Rc8 31. Rb1 b5 32. Ree1 Rc2 0-1

[Event "Pilsen Open 2014"]
[Site "Pilsen CZE"]
[Date "2014.11.27"]
[Round "5"]
[White "Simet, Martin"]
[Black "Nemcova, Karin"]
[Result "1-0"]
[WhiteElo "1923"]
[BlackElo "1751"]
[PlyCount "55"]
[EventDate "2014.11.23"]
[EventType "swiss"]
[EventRounds "7"]
[Source "lmi"]
[SourceDate "2014.11.23"]

1. e4 d5 2. exd5 Qxd5 3. Nc3 Qa5 4. d4 c6 5. Bc4 Nf6 6. Bd2 Qb6 7. Nf3 Bf5 8.
Bb3 e6 9. O-O Bd6 10. Na4 Qc7 11. c4 O-O 12. Nc3 Nbd7 13. Rc1 a6 14. h3 Rfe8
15. Re1 Rad8 16. Bc2 Bxc2 17. Qxc2 h6 18. Ne4 Nxe4 19. Rxe4 Nf6 20. Re2 Bf4 21.
Bxf4 Qxf4 22. Rce1 Rd6 23. a4 b5 24. axb5 axb5 25. cxb5 cxb5 26. Qb3 Rb8 27.
Re5 Rd5 28. g3 1-0

[Event "Pilsen Open 2014"]
[Site "Pilsen CZE"]
[Date "2014.11.27"]
[Round "5"]
[White "Hlozek, David"]
[Black "Vucko, Maja"]
[Result "1/2-1/2"]
[WhiteElo "1594"]
[BlackElo "1923"]
[PlyCount "79"]
[EventDate "2014.11.23"]
[EventType "swiss"]
[EventRounds "7"]
[Source "lmi"]
[SourceDate "2014.11.23"]

1. e4 c5 2. Nf3 a6 3. d4 cxd4 4. Nxd4 Nf6 5. Nc3 e5 6. Nf3 Bb4 7. Bg5 Qc7 8.
Bd2 O-O 9. Bd3 Re8 10. O-O d5 11. Nxd5 Nxd5 12. exd5 Bd6 13. Re1 f5 14. Bf1 e4
15. h3 Qf7 16. Nd4 Qxd5 17. Bc3 Qe5 18. Nf3 Qe7 19. Bc4+ Kh8 20. Qd2 Be6 21.
Bxe6 Qxe6 22. Qg5 Qg6 23. Qxg6 hxg6 24. Rad1 Be7 25. Ne5 Kh7 26. Rd5 Bf6 27.
Red1 g5 28. Nd7 Nxd7 29. Rxd7 Bxc3 30. bxc3 Rac8 31. Rxb7 Rxc3 32. Rdd7 Rxc2
33. Rxg7+ Kh6 34. Rgd7 Re6 35. Rh7+ Kg6 36. Rhg7+ Kh6 37. Rh7+ Kg6 38. Rhg7+
Kh6 39. Rh7+ Kg6 40. Rhg7+ 1/2-1/2

[Event "Pilsen Open 2014"]
[Site "Pilsen CZE"]
[Date "2014.11.27"]
[Round "5"]
[White "Plchot, Miroslav"]
[Black "Froehlich, Manuel"]
[Result "1-0"]
[WhiteElo "1918"]
[BlackElo "1711"]
[PlyCount "81"]
[EventDate "2014.11.23"]
[EventType "swiss"]
[EventRounds "7"]
[Source "lmi"]
[SourceDate "2014.11.23"]

1. e4 c5 2. Nf3 Nc6 3. Bb5 e6 4. e5 Qc7 5. Bxc6 bxc6 6. O-O Ne7 7. b3 Ng6 8.
Bb2 Be7 9. d3 O-O 10. Nbd2 f6 11. exf6 Bxf6 12. Bxf6 gxf6 13. Ne4 d6 14. Nfd2
Qe7 15. f4 d5 16. Nc3 Qd6 17. Qf3 Rf7 18. Rae1 Rg7 19. Qh5 Bd7 20. Ne2 Be8 21.
Qh6 f5 22. Ng3 Bd7 23. Nh5 Rf7 24. Nf3 Qf8 25. Qg5 Kh8 26. Qg3 Re8 27. Ng5 Rfe7
28. Qe3 d4 29. Qe2 h6 30. Nf3 e5 31. Nxe5 Nxe5 32. fxe5 Qf7 33. Qf3 Rxe5 34.
Rxe5 Rxe5 35. Qf4 Qe6 36. Qg3 Qe7 37. Qg6 Qg5 38. Qf7 Qe7 39. Qg6 Qg5 40. Nf4
Re7 41. Qxg5 1-0

[Event "Pilsen Open 2014"]
[Site "Pilsen CZE"]
[Date "2014.11.27"]
[Round "5"]
[White "Thierry, Rein"]
[Black "Bartos, Jan"]
[Result "0-1"]
[WhiteElo "1700"]
[BlackElo "2194"]
[PlyCount "40"]
[EventDate "2014.11.23"]
[EventType "swiss"]
[EventRounds "7"]
[Source "lmi"]
[SourceDate "2014.11.23"]

1. d4 f5 2. Nf3 Nf6 3. Bf4 g6 4. e3 Bg7 5. c4 d6 6. Nc3 O-O 7. Be2 Qe8 8. h3
Ne4 9. Bh2 Nxc3 10. bxc3 Nc6 11. Qb3 Kh8 12. O-O b6 13. Rac1 Na5 14. Qd1 c5 15.
Nd2 Ba6 16. d5 Rd8 17. Qc2 e6 18. e4 exd5 19. exd5 Qxe2 20. Rfe1 Qh5 0-1

[Event "Pilsen Open 2014"]
[Site "Pilsen CZE"]
[Date "2014.11.27"]
[Round "5"]
[White "Prachar, Josef"]
[Black "Hruby, Vaclav"]
[Result "1/2-1/2"]
[WhiteElo "1884"]
[BlackElo "1690"]
[PlyCount "129"]
[EventDate "2014.11.23"]
[EventType "swiss"]
[EventRounds "7"]
[Source "lmi"]
[SourceDate "2014.11.23"]

1. d4 d5 2. c4 e6 3. Nc3 Nf6 4. Bg5 Nbd7 5. e3 c6 6. Nf3 Be7 7. Qc2 h6 8. Bf4
O-O 9. Bd3 dxc4 10. Bxc4 Nd5 11. Bg3 N7f6 12. e4 Nxc3 13. bxc3 Nh5 14. Be5 Bd6
15. Bxd6 Qxd6 16. e5 Qe7 17. Qe4 f5 18. exf6 Nxf6 19. Qe2 Re8 20. O-O Nd5 21.
Rac1 b5 22. Bb3 Bb7 23. Rfe1 a6 24. Bc2 Nf6 25. Bg6 Rf8 26. Qxe6+ Qxe6 27. Rxe6
Bc8 28. Rxc6 Bb7 29. Rc7 Bxf3 30. gxf3 Rac8 31. Rxc8 Rxc8 32. Be4 Kf8 33. Bb7
Rc4 34. Bxa6 Ra4 35. Bxb5 Rxa2 36. d5 Nxd5 37. c4 Nf4 38. Re1 Rc2 39. h4 Nh3+
40. Kg2 Nxf2 41. Kg3 Nd3 42. Re3 Nc1 43. h5 Ne2+ 44. Kg4 Nd4 45. Ba6 Rg2+ 46.
Kf4 Rg5 47. Ke4 Ne6 48. Bc8 Nc5+ 49. Kd4 Rxh5 50. Re5 Nb3+ 51. Kd5 Rxe5+ 52.
Kxe5 Nd2 53. c5 Nxf3+ 54. Ke4 Ng5+ 55. Kd5 Ke7 56. c6 Kd8 57. Bf5 Kc7 58. Bg6
Nh3 59. Be8 g5 60. Ke4 g4 61. Bh5 g3 62. Bf3 Ng5+ 63. Kf4 Nxf3 64. Kxf3 Kxc6
65. Kxg3 1/2-1/2

[Event "Pilsen Open 2014"]
[Site "Pilsen CZE"]
[Date "2014.11.27"]
[Round "5"]
[White "Ruzicka, Vaclav"]
[Black "Horyna, Josef"]
[Result "0-1"]
[WhiteElo "1671"]
[BlackElo "1865"]
[PlyCount "168"]
[EventDate "2014.11.23"]
[EventType "swiss"]
[EventRounds "7"]
[Source "lmi"]
[SourceDate "2014.11.23"]

1. e4 d6 2. d4 e5 3. dxe5 dxe5 4. Qxd8+ Kxd8 5. Nf3 f6 6. Bc4 Bc5 7. Nc3 c6 8.
O-O Ne7 9. a3 Bg4 10. Nd2 Nd7 11. Nb3 Kc7 12. Nxc5 Nxc5 13. Be3 Nd7 14. f3 Bh5
15. Rad1 Nb6 16. Be6 Rhd8 17. g4 Be8 18. Bc5 Ng6 19. Be3 Nf4 20. Bxf4 exf4 21.
Rd3 g5 22. Rfd1 Rxd3 23. cxd3 Rd8 24. Kf2 h5 25. h3 Kd6 26. Ba2 Ke7 27. b4 Rd4
28. Ne2 Rd7 29. Nc3 Rd4 30. Ne2 Rd6 31. Nc3 Nd7 32. d4 b6 33. Ke2 Nf8 34. Rd2
hxg4 35. hxg4 Bf7 36. Bxf7 Kxf7 37. d5 a6 38. a4 cxd5 39. Nxd5 Ne6 40. Rd3 Rc6
41. Nc3 Nd4+ 42. Kd2 Rc4 43. b5 axb5 44. axb5 Nb3+ 45. Kc2 Nc5 46. Rd6 Na4 47.
Rc6 Nc5 48. Rxb6 Rxc3+ 49. Kxc3 Na4+ 50. Kc4 Nxb6+ 51. Kc5 Nc8 52. Kd5 Ke7 53.
e5 Nb6+ 54. Kc6 fxe5 55. Kxb6 e4 56. Kc5 exf3 57. b6 f2 58. b7 f1=Q 59. b8=Q
Qc1+ 60. Kd5 Qe3 61. Kc4 Qe6+ 62. Kc3 Qxg4 63. Qe5+ Kf7 64. Qd5+ Kf6 65. Qd6+
Qe6 66. Qd8+ Kg6 67. Qd3+ Qf5 68. Qc4 Qf6+ 69. Kd3 Kh5 70. Qc1 Qf5+ 71. Ke2
Qe4+ 72. Kf2 Qe3+ 73. Qxe3 fxe3+ 74. Kxe3 Kg4 75. Kf2 Kh3 76. Kg1 Kg3 77. Kh1
Kf2 78. Kh2 g4 79. Kh1 Kf3 80. Kh2 Kf2 81. Kh1 Kg3 82. Kg1 Kh3 83. Kh1 g3 84.
Kg1 g2 0-1

[Event "Pilsen Open 2014"]
[Site "Pilsen CZE"]
[Date "2014.11.27"]
[Round "5"]
[White "Truksa, Vaclav"]
[Black "Pribyl, Viktor"]
[Result "1-0"]
[WhiteElo "1818"]
[BlackElo "1491"]
[PlyCount "117"]
[EventDate "2014.11.23"]
[EventType "swiss"]
[EventRounds "7"]
[Source "lmi"]
[SourceDate "2014.11.23"]

1. e4 c5 2. b4 cxb4 3. d4 d5 4. e5 Nc6 5. a3 Bf5 6. f4 e6 7. Nf3 h6 8. Bd3 Bg4
9. Be3 Nge7 10. O-O Nf5 11. Bxf5 Bxf5 12. axb4 Nxb4 13. Na3 Rc8 14. c3 Nc6 15.
Qa4 Qa5 16. Qxa5 Nxa5 17. Nb5 a6 18. Rxa5 axb5 19. Rfa1 Bd3 20. Ra8 Kd7 21.
Rxc8 Kxc8 22. Ra8+ Kc7 23. Bc1 g6 24. Ba3 Bg7 25. Bd6+ Kc6 26. Rxh8 Bxh8 27.
Bf8 f6 28. Bxh6 fxe5 29. fxe5 Kd7 30. Kf2 Ke7 31. Ke3 Bf5 32. h3 Be4 33. g4 b6
34. h4 Bc2 35. Ng1 Bd1 36. Ne2 Kf7 37. Kd2 Bg7 38. Bxg7 Bxe2 39. Kxe2 Kxg7 40.
g5 Kf7 41. Kd2 b4 42. Kc2 Ke7 43. Kb3 bxc3 44. Kxc3 b5 45. Kb4 Kd7 46. Kxb5 Ke8
47. Kc6 Ke7 48. Kc7 Ke8 49. Kd6 Kd8 50. Kxe6 Ke8 51. Kxd5 Kd7 52. e6+ Ke7 53.
Ke5 Ke8 54. d5 Kd8 55. d6 Ke8 56. Kf6 Kd8 57. e7+ Ke8 58. h5 gxh5 59. Ke6 1-0

[Event "Pilsen Open 2014"]
[Site "Pilsen CZE"]
[Date "2014.11.27"]
[Round "5"]
[White "Soutner, Jaroslav"]
[Black "Malek, Milan"]
[Result "1/2-1/2"]
[WhiteElo "1771"]
[BlackElo "1671"]
[PlyCount "48"]
[EventDate "2014.11.23"]
[EventType "swiss"]
[EventRounds "7"]
[Source "lmi"]
[SourceDate "2014.11.23"]

1. e4 c5 2. Ne2 Nc6 3. d4 cxd4 4. Nxd4 g6 5. Nc3 Bg7 6. Be3 Nf6 7. Bc4 O-O 8.
Bb3 a5 9. f3 d6 10. Qd2 Bd7 11. O-O-O Rc8 12. h4 h5 13. Rhg1 Ne5 14. Nd5 Nxd5
15. Bxd5 Nc4 16. Bxc4 Rxc4 17. g4 hxg4 18. fxg4 e5 19. Nf3 Rxe4 20. Ng5 Rxg4
21. Qxd6 Rxg1 22. Rxg1 Bf5 23. Qxd8 Rxd8 24. Nf3 e4 1/2-1/2

[Event "Pilsen Open 2014"]
[Site "Pilsen CZE"]
[Date "2014.11.27"]
[Round "5"]
[White "Nemcova, Kamila"]
[Black "Von Keyserlingk, Chanda"]
[Result "0-1"]
[WhiteElo "1633"]
[BlackElo "1759"]
[PlyCount "52"]
[EventDate "2014.11.23"]
[EventType "swiss"]
[EventRounds "7"]
[Source "lmi"]
[SourceDate "2014.11.23"]

1. e4 c5 2. Nf3 d6 3. d4 cxd4 4. Nxd4 Nf6 5. Nc3 g6 6. Be2 Bg7 7. O-O O-O 8.
Kh1 Nc6 9. Nb3 Bd7 10. Bg5 Rc8 11. f4 Na5 12. e5 Nxb3 13. axb3 Rxc3 14. exf6
exf6 15. bxc3 fxg5 16. Qxd6 Bc6 17. Qxd8 Rxd8 18. Bd3 g4 19. Rxa7 Bxc3 20. Rd1
h5 21. Rf1 h4 22. Rd1 h3 23. Rg1 Bd4 24. Ra2 hxg2+ 25. Rxg2 Re8 26. Be2 Rxe2
0-1

[Event "Pilsen Open 2014"]
[Site "Pilsen CZE"]
[Date "2014.11.27"]
[Round "5"]
[White "Voith, Walter"]
[Black "Steinkellner, Rudolf"]
[Result "0-1"]
[WhiteElo "1650"]
[BlackElo "1767"]
[PlyCount "78"]
[EventDate "2014.11.23"]
[EventType "swiss"]
[EventRounds "7"]
[Source "lmi"]
[SourceDate "2014.11.23"]

1. e4 c5 2. Nf3 Nc6 3. d3 g6 4. g3 Bg7 5. Bg2 d6 6. O-O Nf6 7. Nbd2 O-O 8. Re1
Nd7 9. a4 Rb8 10. Nc4 a6 11. a5 b5 12. axb6 Nxb6 13. Nxb6 Rxb6 14. c3 Bg4 15.
h3 Bd7 16. d4 cxd4 17. cxd4 Qc8 18. Kh2 Nb8 19. Ra3 Bb5 20. Bf1 Qb7 21. Bxb5
Rxb5 22. Qc2 Rc8 23. Rc3 Rc6 24. Re2 Rxc3 25. bxc3 Nd7 26. Nd2 Qc6 27. Qd3 Rb8
28. Nc4 Rc8 29. Ne3 Qxc3 30. Qxc3 Rxc3 31. Bb2 Rc8 32. f4 Rb8 33. e5 dxe5 34.
dxe5 e6 35. Nc4 Bf8 36. Rd2 Nb6 37. Nd6 Nd5 38. Kg2 a5 39. Rc2 Ne3+ 0-1

[Event "Pilsen Open 2014"]
[Site "Pilsen CZE"]
[Date "2014.11.27"]
[Round "5"]
[White "Klimina, Nina"]
[Black "Berka, Lubos"]
[Result "1-0"]
[WhiteElo "1404"]
[BlackElo "1751"]
[PlyCount "65"]
[EventDate "2014.11.23"]
[EventType "swiss"]
[EventRounds "7"]
[Source "lmi"]
[SourceDate "2014.11.23"]

1. d4 Nf6 2. c4 g6 3. Nc3 Bg7 4. Nf3 O-O 5. Bg5 h6 6. Bxf6 Bxf6 7. e4 d6 8. Bd3
Nc6 9. Be2 e5 10. d5 Ne7 11. O-O Bg7 12. h3 f5 13. exf5 Nxf5 14. Nh2 Nd4 15.
Bd3 Qg5 16. Ne4 Qf4 17. Ng3 Qf7 18. Rc1 c5 19. Ne4 Qe7 20. Qd2 Kh7 21. b4 b6
22. a3 Nb3 23. Qc2 Nxc1 24. Rxc1 Bf5 25. g4 Bxe4 26. Bxe4 Rf6 27. Nf3 Kg8 28.
Nh4 g5 29. Nf5 Qd7 30. Qd2 cxb4 31. axb4 a5 32. Qa2 Qc8 33. Ne7+ 1-0

[Event "Pilsen Open 2014"]
[Site "Pilsen CZE"]
[Date "2014.11.27"]
[Round "5"]
[White "Friedel, Roland"]
[Black "Malkova, Adriana"]
[Result "1/2-1/2"]
[WhiteElo "1713"]
[BlackElo "1546"]
[PlyCount "153"]
[EventDate "2014.11.23"]
[EventType "swiss"]
[EventRounds "7"]
[Source "lmi"]
[SourceDate "2014.11.23"]

1. d4 Nf6 2. Nf3 g6 3. Bg5 Bg7 4. Nbd2 O-O 5. e4 d6 6. c3 b6 7. Bd3 Bb7 8. O-O
c5 9. Re1 Nc6 10. dxc5 dxc5 11. Qe2 e5 12. Ba6 Bxa6 13. Qxa6 Qc7 14. Qa4 a6 15.
Nf1 b5 16. Qc2 c4 17. Rad1 Rfd8 18. Ne3 Rdc8 19. Bxf6 Bxf6 20. Nd5 Qd8 21.
Nxf6+ Qxf6 22. Rd5 Re8 23. Red1 Rad8 24. Rxd8 Rxd8 25. Rxd8+ Qxd8 26. Qd2 Qa5
27. a3 Qc7 28. Qd5 Kg7 29. Ng5 h6 30. Nf3 f6 31. Ne1 Ne7 32. Qd2 Nc6 33. Nc2 g5
34. Ne3 Ne7 35. g3 Qb7 36. Qc2 Qc7 37. f3 Qc5 38. Kf2 Kf7 39. Qd2 Qc7 40. Ke2
Qb7 41. Qd6 Qc6 42. Qxc6 Nxc6 43. Nd5 Nb8 44. Ke3 Ke6 45. Kf2 Kf7 46. f4 exf4
47. gxf4 gxf4 48. Kf3 Ke6 49. Kxf4 f5 50. Ne3 fxe4 51. Kxe4 Kf6 52. h4 Kg6 53.
Kf4 Nc6 54. Nd5 Kh5 55. Kg3 Kg6 56. Nc7 Nb8 57. Kg4 h5+ 58. Kf4 Kf6 59. Ke4 Kg6
60. Nd5 Nd7 61. Nc7 Nb8 62. Nd5 Nd7 63. Nf4+ Kh6 64. Kf5 Nf8 65. Kf6 Nd7+ 66.
Ke7 Ne5 67. Ke6 Nf3 68. Ng2 Nd2 69. Ke5 Nb3 70. Ne3 Nc5 71. Kf5 Nd3 72. Nd1 a5
73. Ke4 Ne1 74. Kf4 Ng2+ 75. Kg3 Ne1 76. Nf2 Nd3 77. Nd1 1/2-1/2

[Event "Pilsen Open 2014"]
[Site "Pilsen CZE"]
[Date "2014.11.27"]
[Round "5"]
[White "Nechutny, Michal"]
[Black "Stankova, Zuzana"]
[Result "0-1"]
[WhiteElo "1478"]
[BlackElo "1562"]
[PlyCount "86"]
[EventDate "2014.11.23"]
[EventType "swiss"]
[EventRounds "7"]
[Source "lmi"]
[SourceDate "2014.11.23"]

1. e4 d6 2. d4 g6 3. Nf3 Bg7 4. Nc3 Nf6 5. h3 c6 6. Be3 O-O 7. Bc4 b5 8. Bd3
Nbd7 9. O-O e6 10. a3 Nb6 11. Qd2 Re8 12. Bh6 Bh8 13. Rad1 Rb8 14. Rfe1 Nc4 15.
Bxc4 bxc4 16. Rb1 Re7 17. e5 Nd5 18. Nxd5 cxd5 19. Bg5 f6 20. exf6 Rf7 21. c3
Bxf6 22. Bxf6 Qxf6 23. Qg5 Qxg5 24. Nxg5 Re7 25. Re2 e5 26. Rbe1 e4 27. h4 h6
28. Nh3 Bxh3 29. gxh3 a5 30. Rd2 a4 31. Kh2 Rbe8 32. Re3 Kf7 33. Rde2 Kf6 34.
Kg3 Kf5 35. Rd2 h5 36. Rde2 Rb7 37. Rd2 g5 38. Ree2 Rg8 39. Re3 g4 40. Ree2
Rbg7 41. Re3 gxh3+ 42. Kxh3 Rg1 43. Rc2 Rh1# 0-1

[Event "Pilsen Open 2014"]
[Site "Pilsen CZE"]
[Date "2014.11.27"]
[Round "5"]
[White "Zoubek, Vladimir"]
[Black "Baraniuk, Andrej"]
[Result "0-1"]
[WhiteElo "1640"]
[BlackElo "1681"]
[PlyCount "119"]
[EventDate "2014.11.23"]
[EventType "swiss"]
[EventRounds "7"]
[Source "lmi"]
[SourceDate "2014.11.23"]

1. d4 d5 2. c4 c6 3. Nc3 Nf6 4. Nf3 e6 5. Bg5 Nbd7 6. e3 Be7 7. Bd3 h6 8. Bxf6
Nxf6 9. c5 a5 10. Na4 Nd7 11. O-O b6 12. cxb6 Nxb6 13. Rc1 Bb7 14. Nc5 Bxc5 15.
Rxc5 Nd7 16. Rc3 Qb6 17. Rb3 Qc7 18. Qe2 O-O 19. Rc1 Rfc8 20. Rbc3 Qb6 21. Rb3
Qc7 22. Ne5 Nxe5 23. dxe5 c5 24. Rbc3 c4 25. Bb1 Qxe5 26. Qg4 Qg5 27. Qh3 f5
28. Qg3 Qxg3 29. hxg3 a4 30. a3 Kf7 31. Bc2 Kf6 32. Bd1 g5 33. R1c2 Bc6 34. Rd2
e5 35. Kf1 g4 36. f3 h5 37. Be2 Ke6 38. Kf2 Rh8 39. Rc1 Ra7 40. Rh1 Rah7 41.
Rh4 Rg7 42. Rd1 Be8 43. f4 e4 44. Rd2 Rb7 45. Rh1 Bf7 46. Rhd1 Ke7 47. Rc1 Rhb8
48. Rcc2 Rb3 49. Ke1 Rc8 50. Rc3 Rxc3 51. bxc3 Rb8 52. Ra2 Kd6 53. Kd2 Be8 54.
Bd1 Rb1 55. Kc2 Rb7 56. Be2 Kc5 57. Ra1 Rb3 58. Ra2 Bb5 59. Kd2 Bc6 60. Kc2 0-1

[Event "Pilsen Open 2014"]
[Site "Pilsen CZE"]
[Date "2014.11.28"]
[Round "6"]
[White "Kaiser, Dieter"]
[Black "Simantsev, Mikhail"]
[Result "1-0"]
[WhiteElo "2254"]
[BlackElo "2452"]
[PlyCount "55"]
[EventDate "2014.11.23"]
[EventType "swiss"]
[EventRounds "7"]
[Source "lmi"]
[SourceDate "2014.11.23"]

1. d4 Nf6 2. Bg5 e6 3. e4 h6 4. Bxf6 Qxf6 5. c3 d6 6. Nf3 e5 7. Nbd2 Nd7 8. Be2
g6 9. O-O Bg7 10. a4 a5 11. Nc4 O-O 12. Qc2 Qe7 13. Rfe1 Re8 14. d5 f5 15. Nfd2
Nc5 16. b4 axb4 17. cxb4 Nxe4 18. Nxe4 fxe4 19. Ne3 Bd7 20. a5 c5 21. bxc5 dxc5
22. Red1 Rf8 23. d6 Qf6 24. Bc4+ Kh7 25. Bd5 Rab8 26. Ra2 Qg5 27. Rb1 Rf3 28.
a6 1-0